Biggest modern-day cities in (french occupied) Indochina - Statistics

General Stats
  • This quiz has been taken 12 times
  • The average score is 11 of 100
Answers on the Map
Answers color-coded by a green-red scale on the quiz's map according to % correct below.
 
Answer Stats
Population Country Answer % Correct
3,605,400 Vietnam Hanoi
92%
7,004,900 Vietnam Ho Chi Minh
92%
2,189,500 Cambodia Phnom Penh
83%
620,200 Laos Vientiane
83%
988,600 Vietnam Da Nang
67%
351,500 Vietnam Hue
58%
841,500 Vietnam Haiphong
50%
225,600 Cambodia Siem Reap
50%
812,100 Vietnam Can Tho
33%
66,800 Laos Luang Prabang
33%
285,800 Vietnam Nha Trang
33%
202,100 Vietnam Da Lat
25%
72,900 Vietnam Hoi An
25%
71,100 Cambodia Sihanoukville
25%
151,800 Cambodia Battambang
17%
830,800 Vietnam Bien Hoa
17%
68,100 Laos Pakse
17%
211,400 Vietnam Rach Gia
17%
230,400 Vietnam Vinh
17%
341,500 Vietnam Vung Tau
17%
63,500 Vietnam Ben Tre
8%
182,100 Vietnam Cam Pha
8%
92,500 Vietnam Cam Ranh
8%
474,700 Vietnam Di an
8%
55,300 Vietnam Dien Bien Phu
8%
91,600 Vietnam Dong Hoi
8%
215,600 Vietnam Hai Duong
8%
270,100 Vietnam Ha Long
8%
102,100 Vietnam Kon Tum
8%
100,000 Vietnam Lao Cai
8%
239,600 Vietnam Long Xuyen
8%
124,100 Vietnam My Tho
8%
179,200 Vietnam Nam Dinh
8%
106,600 Vietnam Ninh Binh
8%
79,500 Cambodia Paoy Pet
8%
62,500 Cambodia Pursat
8%
263,900 Vietnam Qui Nhon
8%
78,800 Cambodia Sisophon
8%
91,300 Cambodia Ta Khmau
8%
91,500 Vietnam Tam Ky
8%
124,300 Vietnam Thai Binh
8%
249,000 Vietnam Thai Nguyen
8%
101,800 Vietnam Tu Son
8%
141,000 Vietnam Viet Tri
8%
102,000 Vietnam Vinh Long
8%
79,000 Vietnam An Nhon
0%
109,400 Vietnam Bac Giang
0%
115,500 Vietnam Bac Lieu
0%
200,300 Vietnam Bac Ninh
0%
100,000 Vietnam Bao Loc
0%
72,100 Vietnam Ba Ria
0%
231,900 Vietnam Ben Cat
0%
54,800 Vietnam Buon Ho
0%
246,000 Vietnam Buon Ma thuot
0%
143,300 Vietnam Ca Mau
0%
62,000 Vietnam Cao Bang
0%
87,400 Vietnam Cao Lanh
0%
90,500 Vietnam Chau Doc
0%
142,900 Vietnam Chi Linh
0%
55,700 Vietnam Cura Lo
0%
94,400 Vietnam Dien Ban
0%
95,700 Vietnam Dong Ha
0%
72,900 Vietnam Dong Trieu
0%
80,700 Vietnam Dong Xoai
0%
72,800 Vietnam Ha Tinh
0%
73,800 Vietnam Hoa Binh
0%
59,500 Vietnam Hoang Mai
0%
67,400 Vietnam Huong Thuy
0%
57,200 Vietnam Huong Tra
0%
65,000 Vietnam La Gi
0%
74,500 Vietnam lang Son
0%
66,400 Vietnam Mong Cai
0%
75,900 Vietnam Ninh Hoa
0%
157,900 Vietnam Phan Rang - Thap Cham
0%
194,200 Vietnam Phan Thiet
0%
82,700 Vietnam Phuc Yen
0%
95,900 Vietnam Phu Ly
0%
122,400 Vietnam Phu My
0%
191,700 Vietnam Pleiku
0%
129,100 Vietnam Quang Ngai
0%
85,900 Vietnam Quang Yen
0%
63,500 Vietnam Sa Dec
0%
91,600 Vietnam Sam Son
0%
91,700 Laos Savannakhet
0%
137,300 Vietnam Soc Trang
0%
70,400 Vietnam Son La
0%
77,000 Vietnam Son Tay
0%
104,500 Vietnam Tan An
0%
251,700 Vietnam Tan Uyen
0%
108,700 Vietnam Tay Ninh
0%
249,000 Vietnam Thanh Hoa
0%
588,600 Vietnam Thuan An
0%
321,600 Vietnam Thu Dau Mot
0%
90,700 Vietnam Tra Vinh
0%
62,400 Vietnam Tuyen Quang
0%
121,500 Vietnam Tuy Hoa
0%
113,400 Vietnam Uong Bi
0%
74,500 Vietnam Vinh Chau
0%
99,300 Vietnam Vinh Yen
0%
75,800 Vietnam Yen Bai
0%
No matching quizzes found
Score Distribution
Percent of People with Each Score
Percentile by Number Answered
Your Score History
You have not taken this quiz